The chord scale theory and jazz harmony

Sparad:
Bibliografiska uppgifter
Huvudupphovsmän: Nettles, Barrie (Författare, medförfattare), Graf, Richard (Författare, medförfattare)
Materialtyp: Bok
Språk:engelska
Publicerad: Advance Music 1997
Upplaga:1a. ed
Ämnen:
Taggar: Lägg till en tagg
Inga taggar, Lägg till första taggen!

MARC

LEADER 00000cam a2200000 a 4500
001 UCE2730
003 CL-VaPUC
008 140724e19970000gw |||||||||||||||||eng|d
020 |a 389221056X 
082 0 4 |a 781.65  |b NET  |2 21 
100 0 |a Nettles, Barrie  |e author  |9 575294 
700 0 |a Graf, Richard  |e author  |9 575295 
245 1 4 |a The chord scale theory and jazz harmony 
250 |a 1a. ed 
300 |a 184 p 
942 |c BK 
945 |d 20140724 10:48:00  |a dcastane 
260 |b Advance Music  |c 1997 
650 0 |a Jazz  |9 350487 
650 0 |a Armonía  |9 306328 
583 |a last modification  |c 20140724 10:48:00  |k Rodrigo Vera 
999 |c 356305  |d 356303 
952 |0 0  |1 0  |2 ddc  |3 erb  |4 0  |6 781_650000000000000_NET_1997  |7 0  |8 A  |9 463574  |a BIBEDU  |b BIBEDU  |i 5091039  |l 3  |o 781.65 NET 1997  |p 5091039  |r 2024-08-13  |s 2024-08-06  |w 2019-11-23  |y BK  |z Catalogado en:20140724  |k MUS